000
00301nam a2200109Ia 4500
008
200302s9999 xx 000 0 und d
100
_a
David Wang
245
_a
A Philosophy of chinese architecture past, present, future
260
_b
Routledge Taylor and Francis Group
260
_c
2017
300
_a
212
999
_c
6738
_d
6738